000 01720cam a22002774a 4500
001 15393901
003 OSt
005 20210602163657.0
008 080802s2008 enk b 001 0 eng
020 _a9780198732808
040 _aDLC
_cDLC
043 _ae-uk-en
_ae-uk-wl
050 0 0 _aKD1554.P78
100 1 _aPoole, Jill.
245 1 0 _aTextbook on contract law. /
_cJill Poole.
250 _a13th ed.
260 _aOxford:
_bOUP
_c2016.
300 _axlviii, 656 p.:
_c25 cm.
_bill.;
500 _aIncludes index
_5DLC
505 0 _aIntroduction to the law of contract -- Formation-- Agreement -- Agreement problems -- Enforceability of promises: Consideration, promissory estoppel -- Intention to create legally bound, formalities and capacity to contract -- Content, Interpretation, performance and breach: Content of the contract and principles of interpretation -- Exemption clauses and unfair contract terms -- Breach of contract -- Enforcement of contractual obligations: Damages for breach of contract -- Remedies providing for specific relief and restitutionary remedies -- Privity of contract and third party rights Discharge by frustration : subsequent impossibility -- Methods of policing the making of the contact: Non-agreement mistake -- Misrepresentation -- Duress, undue influence, and unconscionable bargains -- Illegality.
650 0 _aContracts
_zEngland.
650 0 _aContracts
_zWales.
906 _a7
_bcbc
_corigcop
_d2
_encip
_f20
_gy-gencatlg
942 _2lcc
_cBK
999 _c7633
_d15133